| 000 | 01225nam a2200301 c 4500 | ||
|---|---|---|---|
| 003 | BLK | ||
| 005 | 20180422102816.0 | ||
| 008 | 180408b bul|||||r ||||||| ||bul|| | ||
| 010 | _aKNG00070412000 | ||
| 040 | _aBLK | ||
| 041 |
_aBUL _cBUL |
||
| 080 |
_aНемска литература _b821.112.2 _x(081.1) _z821.112.2(081.1) |
||
| 080 |
_aНемска литература _b821.112.2 _x-31 _z821.112.2-31 |
||
| 100 | 1 |
_aГерстекер, Фридрих _eпърви автор _953702 |
|
| 700 | 1 |
_aРадков, Веселин _eсъстав. и прев. _9366179 |
|
| 139 |
_aГерстекер, Фридрих _bГ 41 |
||
| 245 | 1 | 0 |
_aСъчинения _bВ 4 т. За том: Роман - ІІ част _cФридрих Герстекер; състав. и прев. Веселин Радков. _nТ. 3 _pТаити |
| 257 | _aDEU | ||
| 260 |
_аВарна _bГеорги Бакалов _c1988 - |
||
| 300 | _c21 см | ||
| 380 | _aX | ||
| 760 | 1 |
_aГерстекер, Фридрих _d1988 _h310 с. _nОриг. загл. Tahiti / Fredrich Gerstacker _tТ. 3 Таити |
|
| 852 | _aЦб 152617 | ||
| 856 | 4 |
_qpdf _u |
|
| 856 | 4 |
_qpdf _u |
|
| 942 |
_cKNG _n0 |
||
| 944 |
_aCR _c09.01.2007 _kЦветанка_Енчева |
||
| 944 |
_aED _c19.01.2007 _k |
||
| 999 |
_c66126 _d66126 |
||